State to celebrities - Statistics

General Stats
  • This quiz has been taken 26 times
  • The average score is 14 of 42
Answer Stats
Celebrity State % Correct
Lady Gaga New York
65%
Miley Cyrus Tennessee
65%
Katy Perry California
61%
Will Smith Pennsylvania
61%
Taylor Swift Pennsylvania
57%
Matt Damon Massachusetts
48%
Leonardo Dicaprio California
43%
Ariana Grande Florida
43%
Brad Pitt Oklahoma
43%
Mark Wahlberg Massachusetts
39%
Chris Pratt Minnesota
39%
Bill Gates Washington
39%
Harrisson Ford Illinois
35%
J Law Kentucky
35%
George Clooney Kentucky
35%
Chris Evans Massachusetts
35%
Conan o' Brien Massachusetts
35%
Eminem Missouri
35%
Kevin James New York
35%
Mark Hamill California
30%
Dwayne Johnson California
30%
Ashton Kutcher Iowa
30%
Johnny Depp Kentucky
30%
Warren Buffett Nebraska
30%
Chumlee Nevada
30%
Adam Sandler New York
30%
Vin Diesel California
26%
John Cena Massachusetts
26%
Chuck Norris Oklahoma
26%
John Wayne Iowa
22%
Jada Pinkett Smith Maryland
22%
Denzel Washington New York
22%
Mike Tyson New York
22%
Steven Spielberg Ohio
22%
Pharrell Williams Virginia
22%
Mark Ruffalo Wisconsin
22%
Bob Ross Florida
17%
Ryan Higa Hawaii
17%
Seth Meyers Illinois
17%
Patton Oswalt Virginia
17%
Wesley Snipes Florida
13%
Randy Orton Tennessee
13%
No matching quizzes found
Score Distribution
Percent of People with Each Score
Percentile by Number Answered
Your Score History
You have not taken this quiz